|
|
|
|
| LEADER |
00000nab a2200000uu 4500 |
| 001 |
vtls010897026 |
| 003 |
SK-MaSNL |
| 005 |
20260303142322.0 |
| 008 |
230222|2010 xo |||||||||||||||||slo| |
| 015 |
|
|
|a SNBRB
|
| 035 |
|
|
|a (urnnbn)urn:nbn:sk:snk:ar-006mfo
|
| 035 |
|
|
|a (uuid)f947d684-3f20-493a-8421-feb45bb800dc
|
| 035 |
|
|
|a urn:nbn:sk:snk-ab8pjm
|
| 040 |
|
|
|a SNKBUCL
|b slo
|c SNKBUCL
|e AACR2
|
| 041 |
0 |
|
|a slo
|
| 044 |
|
|
|a xo
|c SK
|
| 100 |
1 |
|
|a Brunčák, P.
|4 aut
|9 819232
|
| 245 |
1 |
0 |
|a Laparoskopické riešenie epiploickej apendicitídy - kazuistika
|c P. Brunčák, R. Švidraň
|
| 700 |
1 |
|
|a Švidraň, R.
|4 aut
|9 1162580
|
| 773 |
0 |
|
|t Miniinvazívna chirurgia a endoskopia
|g Roč. 14, č. 1 (2010), s. 9-12
|
| 954 |
|
|
|a odborná, vedecká literatúra pôvodná (slovenská)
|2 lita
|
| 958 |
|
|
|a OND
|
| 958 |
|
|
|a EUIPO
|
| 958 |
|
|
|a article10
|
| 999 |
|
|
|c 1982006
|d 1983936
|